Ensayo biográfico (Record no. 103050)

MARC details
000 -LEADER
campo de control de longitud fija 00689nam a2200193 i 4500
001 - NÚMERO DE CONTROL
campo de control 103050
003 - IDENTIFICADOR DE NÚMERO DE CONTROL
campo de control ES-MaACL
005 - FECHA Y HORA DE LA ÚLTIMA TRANSACCIÓN
campo de control 20250627191601.0
007 - CAMPO FIJO DE DESCRIPCIÓN FÍSICA--INFORMACIÓN GENERAL
campo de control de longitud fija t|
008 - DATOS DE LONGITUD FIJA--INFORMACIÓN GENERAL
campo de control de longitud fija 060109s1922 sp ||||1| spa d
080 ## - NÚMERO DE LA CLASIFICACIÓN DECIMAL UNIVERSAL
Número de la Clasificación Decimal Universal 929 Sánchez de las Brozas, Francisco
100 1# - ENTRADA PRINCIPAL--NOMBRE DE PERSONA
Nombre de persona González de la Calle, Pedro Urbano.
9 (RLIN) 58548
245 10 - MENCIÓN DEL TÍTULO
Título Ensayo biográfico
Resto del título : vida profesional y académica de Francisco Sánchez de las Brozas /
Mención de responsabilidad, etc. por Pedro Urbano González de la Calle.
260 ## - PUBLICACIÓN, DISTRIBUCIÓN, ETC.
Lugar de publicación, distribución, etc. Madrid :
Nombre del editor, distribuidor, etc. [s.n.],
Fecha de publicación, distribución, etc. 1922.
300 ## - DESCRIPCIÓN FÍSICA
Extensión 536 p. ;
Dimensiones 21 cm.
600 14 - PUNTO DE ACCESO ADICIONAL DE MATERIA--NOMBRE DE PERSONA
Nombre de persona Sánchez de las Brozas, Francisco,
Fechas asociadas al nombre 1522-1600
9 (RLIN) 102587
852 ## - LOCALIZACIÓN
Ubicación ES-MaACL
Número de control de estantería G-9154
Sublocalización o colección R.136578
Holdings
Estatus retirado Estado de pérdida Estado de daño No para préstamo Biblioteca de origen Biblioteca actual Ubicación en estantería Fecha de adquisición Fuente de adquisición Total de préstamos Signatura topográfica completa Código de barras Visto por última vez Precio de reemplazo Tipo de ítem Koha
        Biblioteca del Ateneo de Madrid Biblioteca del Ateneo de Madrid Sala Pecera Planta 3 17/01/2008     G-9154 1107608 23/02/2023 23/02/2023 Libro impreso